Cartoon Superheroes - Statistics

General Stats
  • This quiz has been taken 117 times
  • The average score is 14 of 16
Answer Stats
Picture Answer % Correct
The Hulk
100%
Batman
99%
Iron Man
99%
Spider-Man
99%
Captain America
98%
Flash
95%
Deadpool
93%
Green Lantern
92%
Wolverine
92%
Aquaman
89%
Black Widow
86%
Powerpuff Girls
86%
Silver Surfer
72%
The Thing
72%
Mermaid Man
55%
The Coon
38%
No matching quizzes found
Score Distribution
Percent of People with Each Score
Percentile by Number Answered
Your Score History
You have not taken this quiz